000
00330nam a2200145Ia 4500
008
230718s9999 xx 000 0 und d
041
_a
Eng.
082
_a
396.066
_b
IBR-C
100
_a
Ibrahim,Hasnain,Kazmi
245
0
_a
Company law
260
_a
Pakistan
_b
Eastern law
_c
2014
300
_a
1619
650
_a
Law
999
_c
31741
_d
31741